Soldados, soldadesca e indios amigos de la frontera: Chile, Siglo XVII.

Guardat en:
Dades bibliogràfiques
Autor principal: Contreras Cruces, Hugo (autor)
Format: Llibre
Publicat: Santiago, Chile: Ediciones del Despoblado, Ediciones Universidad de Tarapacá, Agencia Nacional de Investigación y Desarrollo, 2022.
Edició:1ª ed.
Matèries:
Etiquetes: Afegir etiqueta
Sense etiquetes, Sigues el primer a etiquetar aquest registre!

MARC

LEADER 00000nam a22000007a 4500
003 CL-VaPUC
005 20230615105210.0
008 230601t2022 ||||| |||| 00| 0 eng d
999 |c 441028  |d 441026 
020 |a 978-956-09572-4-6 
040 |c Pontificia Universidad Católica de Valparaíso 
082 0 4 |2 22  |a 983.03 CON 2022 
100 |a Contreras Cruces, Hugo  |9 548903  |e autor 
245 |a Soldados, soldadesca e indios amigos de la frontera: Chile, Siglo XVII. 
250 |a 1ª ed. 
260 |a Santiago, Chile:  |b Ediciones del Despoblado,  |b Ediciones Universidad de Tarapacá,  |b Agencia Nacional de Investigación y Desarrollo,  |c 2022. 
300 |a 190 páginas. 
500 |a c. 1 Donación Ediciones del Despoblado. Memo HIS/017 2023. 
583 |c 20230601  |k Catalogador Asistente 
650 1 |a Indigenas de Chile  |x Vida social y costumbres  |9 882909 
650 1 |a Historia de Chile  |y Siglos 16-17  |x Soldadesca  |9 882910 
650 1 |a Historia de Chile  |y Siglos 16-17  |x Fronteras  |9 882911 
942 |2 ddc  |c BK 
952 |0 0  |1 0  |2 ddc  |4 0  |6 983_030000000000000_CON_2022  |7 0  |8 A  |9 590344  |a BIBHIS  |b BIBHIS  |c GEN  |d 2023-06-01  |e Donación  |i 5657670  |o 983.03 CON 2022  |p 5657670  |r 2025-01-20  |t 1  |w 2023-06-01  |y BK  |k HIS